000 00378nam a2200133Ia 4500
008 190723s9999 xx 000 0 und d
020 _a978-81-315-1736-9
100 _aCoronel Morris Rob
245 0 _aDatabase Principles Fundamentals of Design Implementation and Management
250 _a9th
260 _aNew Delhi
_bCengage learning
_c2011
300 _a698
942 _cBK
999 _c1227
_d1227